<?xml version="1.0" encoding="UTF-8"?><?xml-stylesheet type="text/xsl" href="static/style.xsl"?><OAI-PMH xmlns="http://www.openarchives.org/OAI/2.0/" xmlns:xsi="http://www.w3.org/2001/XMLSchema-instance" xsi:schemaLocation="http://www.openarchives.org/OAI/2.0/ http://www.openarchives.org/OAI/2.0/OAI-PMH.xsd"><responseDate>2026-06-01T04:36:35Z</responseDate><request verb="GetRecord" identifier="oai:riuma.uma.es:10630/37081" metadataPrefix="marc">https://riuma.uma.es/rest/oai/request</request><GetRecord><record><header><identifier>oai:riuma.uma.es:10630/37081</identifier><datestamp>2026-02-03T11:01:32Z</datestamp><setSpec>com_10630_2254</setSpec><setSpec>col_10630_37953</setSpec></header><metadata><record xmlns="http://www.loc.gov/MARC21/slim" xmlns:dcterms="http://purl.org/dc/terms/" xmlns:doc="http://www.lyncode.com/xoai" xmlns:xsi="http://www.w3.org/2001/XMLSchema-instance" xsi:schemaLocation="http://www.loc.gov/MARC21/slim http://www.loc.gov/standards/marcxml/schema/MARC21slim.xsd">
   <leader>00925njm 22002777a 4500</leader>
   <datafield ind2=" " ind1=" " tag="042">
      <subfield code="a">dc</subfield>
   </datafield>
   <datafield ind2=" " ind1=" " tag="720">
      <subfield code="a">Robles-Zurita, José Antonio</subfield>
      <subfield code="e">author</subfield>
   </datafield>
   <datafield ind2=" " ind1=" " tag="260">
      <subfield code="c">2017</subfield>
   </datafield>
   <datafield ind2=" " ind1=" " tag="520">
      <subfield code="a">We use data from the Spanish sample of the Programme for the International&#xd;
Assessment of AdultCompetencies to analyze the effect of the LOGSE (Spanish&#xd;
acronym for General Law of the Education System) reform passed in 1990 on numeracy&#xd;
and literacy proficiency of the adult population. The LOGSE effect is identified by&#xd;
exploiting the variability of the rate of implementation among cohorts and regions. The&#xd;
results change depending on the specification of the econometric model and mainly&#xd;
on the type of birth year trend assumed. Nonetheless, overall results suggest that the&#xd;
LOGSE reform did not help to increase cognitive skills of the population despite an&#xd;
extension of compulsory years of education and postponement of the age of initial&#xd;
tracking into vocational and academic studies.</subfield>
   </datafield>
   <datafield ind1="8" ind2=" " tag="024">
      <subfield code="a">Robles-Zurita, J. A. (2017). Cognitive skills and the LOGSE reform in Spain: evidence from PIAAC. SERIEs, 8(4), 401-415.</subfield>
   </datafield>
   <datafield ind1="8" ind2=" " tag="024">
      <subfield code="a">https://hdl.handle.net/10630/37081</subfield>
   </datafield>
   <datafield ind1="8" ind2=" " tag="024">
      <subfield code="a">10.1007/s13209-017-0167-8</subfield>
   </datafield>
   <datafield tag="653" ind2=" " ind1=" ">
      <subfield code="a">España - Política educativa</subfield>
   </datafield>
   <datafield tag="653" ind2=" " ind1=" ">
      <subfield code="a">Educación - Derecho y legislación</subfield>
   </datafield>
   <datafield ind2="0" ind1="0" tag="245">
      <subfield code="a">Cognitive skills and the LOGSE reform in Spain: evidence from PIAAC.</subfield>
   </datafield>
</record>
</metadata></record></GetRecord></OAI-PMH>